000 00506nam a2200169Ia 4500
005 20250317123645.0
008 008 250317s9999 xx 000 0 eng d
037 _aTextbook
040 _aFMSL
_beng
_cFMSL
041 _aeng
_2eng
084 _aSNIobx:8 P8.1
_qFMSL
100 _aCooper J B Ed.
_9740626
245 0 _aOrganizational Behavior
260 _aNew Delhi
_bNew Delhi, Sage
_c2008
942 _cTB
_hSNIobx:8 P8.1
999 _c1252211
_d1252211